| 000 | 00505nam a2200205Ia 4500 | ||
|---|---|---|---|
| 003 | OSt | ||
| 005 | 20140403140539.0 | ||
| 008 | 140130s9999 xx 000 0 und d | ||
| 020 | _a0439390133 | ||
| 050 |
_aPZ 7 _b.J33 2002 |
||
| 100 | _aStevens, Janet | ||
| 245 |
_cJanet Stevens. _aAnd the dish ran away with the spoon / |
||
| 260 |
_bScholastic, _c2001. _aUSA : |
||
| 300 |
_a40 p. : _bcol. ill. ; _c30 cm. |
||
| 440 | _v1 | ||
| 521 | _aG1 | ||
| 526 | _c200 | ||
| 942 |
_cBK _2lcc |
||
| 999 |
_c39943 _d39943 |
||